Lenguaje popular /
Guardat en:
| Autor principal: | |
|---|---|
| Format: | Llibre |
| Idioma: | Spanish |
| Publicat: |
Quito, Ecuador
Asociación Latinoamericana de Educación Radiofónica, Aler
1988
|
| Col·lecció: | Manuales de Capacitación
|
| Matèries: | |
| Etiquetes: |
Afegir etiqueta
Sense etiquetes, Sigues el primer a etiquetar aquest registre!
|
MARC
| LEADER | 00000nam a22000007a 4500 | ||
|---|---|---|---|
| 003 | cru CIDCACS/IIS | ||
| 005 | 20170831134916.0 | ||
| 008 | 170825b1988 E ao||| |||||||| | spa|d | ||
| 999 | |c 40333 |d 40333 | ||
| 040 | |c cru CIDCACS/IIS | ||
| 090 | |a 00.00.00 Gxxxl | ||
| 100 | 1 | |9 5392 |a Geerts, Andrés | |
| 245 | |a Lenguaje popular / |c Andrés Geerts | ||
| 260 | |a Quito, Ecuador |b Asociación Latinoamericana de Educación Radiofónica, Aler |c 1988 | ||
| 300 | |a 72 páginas | ||
| 440 | 0 | |9 5393 |a Manuales de Capacitación |n 3 | |
| 500 | |a Colección Alforja | ||
| 650 | 1 | 7 | |9 981 |a LENGUAJE |
| 650 | 1 | 7 | |9 2958 |a RADIO EDUCATIVA |
| 650 | 1 | 7 | |9 196 |a COMUNICACION |
| 942 | |2 ddc |c LI | ||
